000 00585nam a22001697a 4500
003 0
005 20231106142842.0
008 230313b xxu||||| |||| 00| 0 eng d
050 _aRA 776
_b.D37 2022
100 _aChev Pius Barroga Dasmarinas
245 _aMinority stress and romantic relationship satisfaction of LGBTQIA+ members during the pandemic
_cChev Pius Barroga Dasmarinas
260 _aLas Pinas City
_bSouthville International School and Colleges
_cc2022
300 _axi,178pp.
_c28cm.
_fTheses
500 _aStress.
500 _aRomantic relationship.
942 _2lcc
_cTH
999 _c364930
_d364930